000 00487nam a2200121Ia 4500
008 220615s9999||||xx |||||||||||||| ||und||
100 _aSpencer, Paul
245 0 _aYouth and Experiences of Ageing among Maa. Models of Society Evoked by the Maasai, Samburu, and Chamus of Kenya
546 _aEnglish[eng]
650 _apolitical science||anthropology||development studies||sociology||gender studies||Africa||Maasai||history
856 _uhttps://doi.org/10.2478/9783110372335
942 _cEB
999 _c8986
_d8986